| 000 | 00430nam a22001337a 4500 | ||
|---|---|---|---|
| 040 | _cNUST | ||
| 082 | _a200 THE | ||
| 100 |
_aMuntaha Irfan _988534 |
||
| 110 |
_aSupervisor Dr. Farhan Hussain _988535 |
||
| 245 | _aTH-SOF-1954-Efficient Classification of Motion in Video Data by Using Deep Neural Networks | ||
| 260 |
_aISLAMABAD: _bNUST COLLEGE OF EME, _c2021. |
||
| 650 |
_aMS-COMPUTER ENGINEERING-18 _988536 |
||
| 942 |
_2ddc _cTHE |
||
| 999 |
_c587669 _d587669 |
||